|
|
|
|
| LEADER |
01118nam a2200349 a 4500 |
| 001 |
000603151 |
| 003 |
CZ BrMZK |
| 005 |
20090107132717.0 |
| 007 |
ta |
| 008 |
020529s1989 xr f cze d |
| 015 |
|
|
|a cnb000048168
|
| 020 |
|
|
|q (Brož.)
|
| 035 |
|
|
|a (OCoLC)22348899
|
| 040 |
|
|
|a BOA001
|c ze
|d BOA001
|
| 080 |
|
|
|a 612.662.9
|2 MRF
|
| 080 |
|
|
|a 618.17
|2 MRF
|
| 100 |
1 |
|
|a Donát, Josef,
|d 1942-
|7 jn19981000726
|4 aut
|
| 245 |
1 |
0 |
|a Přechod v životě ženy /
|c Josef Donát
|
| 250 |
|
|
|a 1. vyd.
|
| 260 |
|
|
|a Praha :
|b Avicenum,
|c 1989
|f (SG)
|
| 300 |
|
|
|a 121 s. :
|b tb. ;
|c 20 cm
|
| 490 |
1 |
|
|a Život a zdraví
|
| 490 |
1 |
|
|a Rodinný kruh
|
| 500 |
|
|
|a Obálka Michal Houba
|
| 500 |
|
|
|a Pozn.
|
| 830 |
|
0 |
|a Život a zdraví (Avicenum)
|0 s
|
| 830 |
|
0 |
|a Rodinný kruh
|0 s
|
| 856 |
4 |
1 |
|u http://www.digitalniknihovna.cz/mzk/uuid/uuid:438f2cb0-ef68-11e2-9923-005056827e52
|y Digitalizovaný dokument
|x NDK
|
| 910 |
|
|
|a BOA001
|b 2-0946.919
|
| 964 |
|
|
|a Ženy - klimaktérium - příručky
|
| 990 |
|
|
|a BK
|
| 996 |
6 |
|
|b 2619309675
|c 2-0946.919
|l MZK
|r Sklad / do 1 hodiny
|n 5
|w 000603151
|u 000010
|a 1
|e BOA001
|j MZK50
|s P
|